<?xml version="1.0" encoding="UTF-8"?>
<collection xmlns="http://www.loc.gov/MARC21/slim">
  <record>
    <leader>00000nam  2200000   4500</leader>
    <controlfield tag="001">INLIS000000000000445</controlfield>
    <controlfield tag="005">20180724135006</controlfield>
    <controlfield tag="008">180724|||||||||   |   |||   |||| ||   | </controlfield>
    <datafield tag="035" ind1=" " ind2=" ">
      <subfield code="0">010-0718000445</subfield>
    </datafield>
    <datafield tag="041" ind1=" " ind2=" ">
      <subfield code="a">id</subfield>
    </datafield>
    <datafield tag="082" ind1=" " ind2=" ">
      <subfield code="a">008</subfield>
    </datafield>
    <datafield tag="090" ind1=" " ind2=" ">
      <subfield code="a">R 008 PIM I  2013</subfield>
    </datafield>
    <datafield tag="100" ind1=" " ind2=" ">
      <subfield code="a">Supriyatno</subfield>
    </datafield>
    <datafield tag="245" ind1=" " ind2=" ">
      <subfield code="a">Pengembangan sistem manajemen penyelenggaraan pengadaan barang dan jasa dalam percepatan pencapaian tujuan pembangunan.</subfield>
    </datafield>
    <datafield tag="260" ind1=" " ind2=" ">
      <subfield code="a">Jakarta</subfield>
      <subfield code="b">Lembaga Aministras Negara RI</subfield>
      <subfield code="c">2013</subfield>
    </datafield>
    <datafield tag="300" ind1=" " ind2=" ">
      <subfield code="a">37 hlm. ; 30 cm.</subfield>
    </datafield>
    <datafield tag="500" ind1=" " ind2=" ">
      <subfield code="a">Pembangunan merupakan sebuah proses yang diharapkan mampu mewujudkan “mimpi” diatas kertas menjadi wujud fisik dengan manfaat yang dapat dirasakan langsung oleh masyarakat. Dalam proses ini terdapat rangkaian panjang mulai dari penyusunan perencanaan, proses pengadaan dan pembangunan sampai tahapan operasi dan pemeliharaan asset pembangunan. Pengadaan Barang dan Jasa memiliki peran yang cukup strategis dan menentukan keberhasilan proses pembangunan.</subfield>
    </datafield>
    <datafield tag="650" ind1=" " ind2=" ">
      <subfield code="a">Manajemen - Barang Jasa -- Manajemen Barang Jasa -- Proyek Perubahan PIM1</subfield>
    </datafield>
  </record>
</collection>
